00631nam a2200181Ia 4500001001000000003000500010008004100015010001100056040000900067082001700076100003600093245011600129260003100245300001000276650005600286700003500342710007200377Para_3728CHAP220125s1981 xx 000 0 und d a202163 cCHAP aPA 631.47 07 aOrtíz Solorio, Carlos Alberto aIntroducción a los levantamientos de suelos /c Carlos A. Ortíz Solorio y Heriberto E. Cuanalo de la Cerda aChapingo, Méx. :b C.P. a81 p. aLevantamiento topográfico Suelos x Topografía aCuanalo de la Cerda, Heriberto aColegio de Postgraduados (Chapingo, Méx.). Centro de Edafología